LEADER 01317namaa2200277 a 4500 001 000000176874 003 CaOOAMICUS 005 20240529110128.0 008 240529s2024 it m u000 u ita r 032 $aLibriCat 040 $aPUL$bita 100 1 $aMessina, Paolo,$cO.F.M.Cap,$d1975-$0(OLS)http://pul/name/113687 245 13$aIl Sistema verbale dell'aramaico del Targum Neofiti :$bun approccio linguistico-testuale / $cPaolo Messina OFMCap. 260 $aJerusalem :$b[s.n.],$c2024. 300 $axi, 123 p. ;$c24 cm 500 $aIn testa al front.: "Pontificia Universitą Lateranense. Istituto Patristico Augustinianum". 502 $aEstratto da Tesi di Dottorato-- Pontificia Universitą Lateranense. Istituto Patristico Augustinianum, 2024. 504 $aBibliografia: p. 85-113. 630 04$aTargum.$0(OLS)http://pul/subject/23333 710 2 $aIstituto patristico Augustinianum.$kTesi.$0(OLS)http://pul/name/82132 850 $aPUL 852 $aPUL$W1$xDP1 Tesi Ist. Augustinianum$y31$m2024 B 3$j200875$qTesi$B205833$CPULBib$Z2$F205833 $82 941 1 $a16 996 $6245$aIl Sistema verbale dell'aramaico del Targum Neofiti :$bun approccio linguistico-testuale / $9(OLS)http://pul/title/218374 996 $6260$aJerusalem :$b[s.n.]$9(OLS)http://pul/publisher/69878 LEADER 01297nam a2200289 a 4500 001 000000147500 003 CaOOAMICUS 005 20151119111233.0 008 151119s2014 it u000 u ita r 020 $a978-88-343-2845-3* 032 $aLibriCat 040 $aPUL$bita 082 04$a923 245 00$aGiuseppe Toniolo :$bl'uomo come fine. Con saggi sulla storia dell'Istituto Giuseppe Toniolo di studi superiori /$ca cura di Aldo Carera. 260 $aMilano :$bVita e pensiero,$c©2014. 300 $aXXV, 552 p. ;$c24 cm. 504 $aBibliografia in nota. 600 14$aToniolo, Giuseppe,$d1845-1918.$0(OLS)http://pul/subject/9801 700 1 $aCarera, Aldo,$d1949-$0(OLS)http://pul/name/34690 850 $aPUL 852 $aPUL$W1$xSL Cons. Gen., Altre Classi 3$y75$m923 CARAL 1$j170462$qDDC 21$B171241$CPULBib$Z2$F171241 $H126447 $81 941 1 $a9 996 $6020$a978-88-343-2845-3*$9(OLS)http://pul/number/158955 996 $6082$a923$9(OLS)http://pul/classification/2848 996 $6245$aGiuseppe Toniolo :$bl'uomo come fine. Con saggi sulla storia dell'Istituto Giuseppe Toniolo di studi superiori$9(OLS)http://pul/title/186164 996 $6260$aMilano :$bVita e pensiero$9(OLS)http://pul/publisher/48016